| 000 | 00000nam 2200000za 4500 |
| 001 | 9.827946 |
| 003 | CaOODSP |
| 005 | 20221107144927 |
| 007 | cr ||||||||||| |
| 008 | 161122s2016 onco ob f000 0 eng d |
| 040 | |aCaOODSP|beng |
| 043 | |an-cn--- |
| 086 | 1 |aA74-3/2016-24E-PDF |
| 245 | 00|aPrivate label trends |h[electronic resource] : |bpackaged food in Germany / |c[prepared by Stephanie Clarke]. |
| 260 | |a[Ottawa] : |bAgriculture and Agri-Food Canada, |c2016, c2015. |
| 300 | |a7 p. : |bphotos. |
| 490 | 1 |aMarket Access Secretariat - global analysis report, |x1920-6615 |
| 500 | |aIssued also in French under title: Tendances de marques maison: aliments emballés en Allemagne. |
| 500 | |a"May 2016." |
| 504 | |aIncludes bibliographical references. |
| 520 | |a“The German package food market is the fifth-largest in the world with retail value sales of US$108.8 billion in 2014. Although the German market is mature and saturated, it is still forecasted to grow slightly through 2019”--Executive summary. |
| 692 | 07|2gccst|aAgri-food products |
| 692 | 07|2gccst|aConsumer products |
| 692 | 07|2gccst|aMarket analysis |
| 700 | 1 |aClarke, Stephanie. |
| 710 | 1 |aCanada. |bAgriculture and Agri-Food Canada. |
| 775 | 08|tTendances de marques maison |w(CaOODSP)9.827952 |
| 830 | #0|aMarket Access Secretariat, global analysis report,|x1920-6615|w(CaOODSP)9.507911 |
| 856 | 40|qPDF|s342 KB|uhttps://publications.gc.ca/collections/collection_2016/aac-aafc/A74-3-2016-24-eng.pdf |